Top 70 Most Clutch Players in NBA History - Statistics

General Stats
  • This quiz has been taken 45 times
  • The average score is 39 of 70
Answer Stats
# Player Position % Correct
1 Michael Jordan SG
100%
16 LeBron James SF
97%
3 Kobe Bryant SG
95%
2 Larry Bird SF
92%
25 Tim Duncan PF
92%
4 Magic Johnson PG
90%
53 Stephen Curry PG
87%
17 Dwyane Wade SG
85%
49 Hakeem Olajuwon C
85%
6 Jerry West PG
85%
34 Kyrie Irving PG
85%
61 Dennis Johnson PG
82%
63 Joe Johnson SF
82%
57 Julius Erving SF
82%
46 Karl Malone PF
82%
30 Kevin Durant SF
82%
54 Larry Johnson PF
82%
56 Shaquille O'Neal C
82%
28 Vinnie Johnson SG
82%
35 Dirk Nowitzki PF
79%
5 Reggie Miller SG
79%
20 Allen Iverson PG
77%
31 John Stockton PG
77%
52 Kevin Garnett PF
77%
19 Ray Allen SG
77%
7 Isiah Thomas PG
74%
58 Clyde Drexler SG
69%
67 Klay Thompson SG
69%
51 Patrick Ewing C
69%
23 Kareem Abdul-Jabbar C
64%
12 Paul Pierce SF
64%
40 Vince Carter SF
64%
14 Bill Russell C
62%
29 Charles Barkley PF
62%
26 Damian Lillard PG
62%
66 Jason Kidd PG
62%
39 Kawhi Leonard SF
59%
36 George Gervin SF
54%
11 John Havlicek SF
54%
41 Tracy McGrady SG
54%
64 Baron Davis PG
49%
10 Chauncey Billups PG
49%
8 Robert Horry PF
49%
18 Sam Jones SG
49%
13 James Worthy SF
46%
48 Joe Dumars SG
46%
60 Rick Barry SF
46%
59 Walt Frazier PG
44%
69 John Wall PG
41%
42 Penny Hardaway PG
41%
55 Alonzo Mourning C
38%
68 Derrick Rose PG
38%
15 Willis Reed C
38%
43 Carmelo Anthony SF
36%
38 Steve Kerr PG
36%
70 Bernard King SF
31%
9 Derek Fisher PG
26%
32 Gilbert Arenas PG
21%
45 Mike Bibby PG
21%
50 Rashard Lewis PF
21%
65 Brandon Roy SG
18%
37 John Paxson PG
15%
62 Jo Jo White PG
15%
47 Allan Houston SG
13%
24 Sam Cassell PG
10%
27 Hedo Turkoglu SF
8%
21 Tayshaun Prince SF
8%
44 Mario Elie SG
5%
22 Gar Heard PF
0%
33 Gerald Henderson SF
0%
No matching quizzes found
Score Distribution
Percent of People with Each Score
Percentile by Number Answered
Your Score History
You have not taken this quiz